| 000 | 01118nam a22003377a 4500 | ||
|---|---|---|---|
| 003 | CHAP | ||
| 005 | 20220817044210.0 | ||
| 008 | 080130d2002 es ad r 00110 spa d | ||
| 010 | _a94398 | ||
| 011 | _a95370 | ||
| 020 | _a8484760669 | ||
| 035 | _a105993 | ||
| 040 | _cCHAP | ||
| 082 | 0 | 4 |
_a581.15 _bN8 |
| 100 | 0 | 0 |
_aNuez, Fernando _ecoord. _982195 |
| 245 | 1 | 0 |
_aGenómica y mejora vegetal _c/coord. por Fernando Nuez, José Ma. Carrillo y R. Lozano |
| 260 |
_aMadrid : _bMundi-Prensa, _c2002 |
||
| 300 |
_a484 p. : _bilus. ; gráfs. ; cuadros ; diagramas |
||
| 590 |
_aBATCH-UPD _b10 _c20130110 _lUCH01 _h0634 |
||
| 590 |
_aBATCH-UPD _b10 _c20130410 _lUCH01 _h0317 |
||
| 590 |
_aBATCH-UPD _b10 _c20130914 _lUCH01 _h0647 |
||
| 590 |
_aCONVERSION _b10 _c20130109 _lUCH01 _h1352 |
||
| 650 | 1 | 4 |
_aBiotecnología vegetal. _912892 |
| 650 | 1 | 4 | _aGenética vegetal. |
| 650 | 1 | 4 |
_aPlantas _xMejoramiento. _988849 |
| 700 | 1 |
_aCarrillo, José Ma. _ecoord. _919550 |
|
| 700 | 1 |
_aLozano, R. _ecoord. _968818 |
|
| 901 | _aBK | ||
| 942 | _cLIBRO | ||
| 949 |
_a581.15 N8 _bBC _cLIBRO _d33724002050124 _eLIBRO _h109153 _i105993 _si _t$ 671.00 |
||
| 999 |
_c94398 _d94398 |
||